00410nam a2200133Ia 45000010005000000080041000050200021000460820023000671000020000902450100001102600024002109010027002349990015002614428241024s9999 xx 000 0 und d a978-9945-8879-76 aRD/972.97293/M938g aFrank Moya Pons 0aEl gran cambio. La transformación social y económica de la República Dominicana 1963-2013 bSanto Domingoc2014 a9/9/2016 11:43:16 a.m. c7540d7540